000
00276nam a22001217a 4500
041
_a
ENG
100
_a
Rathore.N.S
245
_a
Alternate Sources Of Energy
260
_a
New Delhi
_b
India Council Of Ageicul
_c
2007
300
_a
269
650
_a
EOES
856
_u
EOES ( 12 )
999
_c
1220
_d
1220